[Event "GER CM05-C email"]
[Site "GER email"]
[Date "2018.06.19"]
[Round "?"]
[White "Lipecki, Alexander"]
[Black "Hablizel, Frank"]
[Result "1/2-1/2"]
[WhiteElo "2352"]
[BlackElo "2348"]
[PlyCount "59"]
[EventDate "2018.??.??"]
[EventType "tourn (corr)"]
[EventRounds "10"]
[EventCountry "GER"]
[SourceTitle "Corr 2020"]
[Source "ChessBase"]
[SourceDate "2019.09.30"]
[SourceVersion "1"]
[SourceVersionDate "2019.09.30"]
[SourceQuality "1"]

1. d4 Nf6 2. c4 g6 3. Nc3 Bg7 4. e4 d6 5. Bd3 0-0 6. Nge2 Nc6 7. 0-0 Nd7 8. Be3 e5 9. d5 Nd4 10. Bb1 Nxe2+ 11. Qxe2 f5 12. exf5 gxf5 13. Bc2 e4 14. f3 exf3 15. Qxf3 Qh4 16. g3 Qe7 17. Rae1 Ne5 18. Qf4 c5 19. dxc6 bxc6 20. Bd2 Bb7 21. Bxf5 Bc8 22. g4 Qh4 23. c5 Bxf5 24. gxf5 Qxf4 25. Bxf4 Nd3 26. Re2 Nxf4 27. Rxf4 d5 28. Kg2 Rae8 29. Rxe8 Rxe8 30. Kf3 1/2-1/2

[Event "GER CM05-C email"]
[Site "GER email"]
[Date "2018.06.19"]
[Round "?"]
[White "Solf, Frank"]
[Black "Hablizel, Frank"]
[Result "1/2-1/2"]
[WhiteElo "2357"]
[BlackElo "2348"]
[PlyCount "62"]
[EventDate "2018.??.??"]
[EventType "tourn (corr)"]
[EventRounds "10"]
[EventCountry "GER"]
[SourceTitle "Corr 2020"]
[Source "ChessBase"]
[SourceDate "2019.09.30"]
[SourceVersion "1"]
[SourceVersionDate "2019.09.30"]
[SourceQuality "1"]

1. e4 e5 2. Nf3 Nc6 3. Bb5 a6 4. Ba4 Nf6 5. 0-0 Be7 6. Re1 b5 7. Bb3 0-0 8. a4 b4 9. d3 d6 10. a5 Be6 11. Nbd2 Qb8 12. Bxe6 fxe6 13. c3 Nd7 14. d4 Bf6 15. Nb3 bxc3 16. bxc3 Qb5 17. Be3 Rab8 18. Nfd2 Qd3 19. Qg4 Rf7 20. Qxe6 Nf8 21. Qg4 exd4 22. Nxd4 Nxd4 23. cxd4 Bxd4 24. Bxd4 Qxd4 25. Nf3 Qf6 26. e5 dxe5 27. Rac1 Rb5 28. Qc8 e4 29. Rxe4 Rxa5 30. h4 Ra2 31. Rf1 Re7 1/2-1/2